Quizzes
Events
Quiz Creation
Community
Videos
Private Events
Remove Ads
Sign In
Join for FREE
Feedback
Dark Mode
Quiz Categories
Sports
Geography
Music
Movies
Television
Just For Fun
Miscellaneous
History
Literature
Language
Science
Gaming
Entertainment
Religion
Holiday
For Kids
Quiz Lab
Recent
Popular Today
Quiz Kudos Today
Editor Picks
Curator Picks
Quizzes by...
Day
Popularity
Type
Ratings
Length
Year
Community
Subscriptions
Recent Discussions
Orange Saloon
Badges
Playlists
Quests
Create
Leaderboards
Showdown
Live 5
Trivia Bingo
Activity
Puzzle Library
Sporcle Events
Private Events
Virtual Trivia
Globe League
Become a Host
Pub Owners
SporcleCon
Opinionation
Our Games
Videos
Blog
Mobile Apps
Partnerships
Remove Ads and Go Orange
Feedback
Sports
Athletes
MLB
NBA
NHL
NFL
Soccer
Sports Teams
WWE
NCAA
Football
Premier League
Basketball
Baseball
Hockey
Golf
Tennis
Cricket
Rugby
Auto Racing
Olympics
World Cup
Sports
Athletes
MLB
NBA
NHL
NFL
Soccer
Sports Teams
WWE
NCAA
Football
Premier League
Basketball
Baseball
Hockey
Golf
Tennis
Cricket
Rugby
Auto Racing
Olympics
World Cup
Random Quiz
Search Sporcle
×
Quiz Lab
Quiz Lab
Sports
Football
Type in answers that appear in a list
Type in answers that appear in a list
Classic
Best Score? Go Orange.
German Bundesliga Football Champions Stats
Can you name the German Bundesliga Football Champions?
By
erkling
10m
46 Questions
1,710 Plays
1,710 Plays
1,710 Plays
Comments
Comments
Give Quiz Kudos
Give Quiz Kudos
-
- Ratings
hide this ad
More Info
Replay
Link that replays current quiz
Next Quiz
Link to next quiz in quiz playlist
You Got
0%
They Got
Avg Score
74%
Avg Friend Score
Upgrade to see
Score Distribution
Jump to the score distribution portion of the page
Score
0/46
Timer
10:00
0
Plays Today
Year
Club
% Correct
1994/
95
Borussia Dortmund
94.4%
1995/
96
Borussia Dortmund
94.4%
2001/
02
Borussia Dortmund
94.4%
1964/
65
Werder Bremen
82%
1987/
88
Werder Bremen
82%
1992/
93
Werder Bremen
82%
2003/
04
Werder Bremen
82%
1968/
69
FC Bayern München
75.9%
1971/
72
FC Bayern München
75.9%
1972/
73
FC Bayern München
75.9%
1973/
74
FC Bayern München
75.9%
1979/
80
FC Bayern München
75.9%
1980/
81
FC Bayern München
75.9%
1984/
85
FC Bayern München
75.9%
1985/
86
FC Bayern München
75.9%
1986/
87
FC Bayern München
75.9%
1988/
89
FC Bayern München
75.9%
1989/
90
FC Bayern München
75.9%
1993/
94
FC Bayern München
75.9%
1996/
97
FC Bayern München
75.9%
1998/
99
FC Bayern München
75.9%
1999/
00
FC Bayern München
75.9%
2000/
01
FC Bayern München
75.9%
Year
Club
% Correct
2002/
03
FC Bayern München
75.9%
2004/
05
FC Bayern München
75.9%
2005/
06
FC Bayern München
75.9%
2007/
08
FC Bayern München
75.9%
1978/
79
Hamburger SV
75.6%
1981/
82
Hamburger SV
75.6%
1982/
83
Hamburger SV
75.6%
1983/
84
VfB Stuttgart
74.1%
1991/
92
VfB Stuttgart
74.1%
2006/
07
VfB Stuttgart
74.1%
2008/
09
VfL Wolfsburg
71.1%
1990/
91
1. FC Kaiserslautern
69%
1997/
98
1. FC Kaiserslautern
69%
1969/
70
Borussia Mönchengladbach
67.7%
1970/
71
Borussia Mönchengladbach
67.7%
1974/
75
Borussia Mönchengladbach
67.7%
1975/
76
Borussia Mönchengladbach
67.7%
1976/
77
Borussia Mönchengladbach
67.7%
1963/
64
1. FC Köln
65.8%
1977/
78
1. FC Köln
65.8%
1967/
68
1. FC Nürnberg
52.2%
1965/
66
TSV 1860 München
48%
1966/
67
Eintracht Braunschweig
47%
Quiz Playlist
Details
Report
Send in Message
Add To Playlist
More Info:
You will need umlauts (ä, ö, ü) on your keyboard to complete this quiz.
Classic:
Type in answers that appear in a list
Last Updated: May 11, 2017
Quiz Scoreboard
CHALLENGE
Sign Up to Join the Scoreboard
Show All
Scores
Hide
Comments
May contain spoilers
Recently Published
Presidents Visiting Landmarks
by Hejman
History
7m
An Introduction to Baseball
by treessimontrees
Sports
5m
Movies - When Are They Set?
by FPL_Elf
Movies
5m
More to Explore
Quiz From the Vault
Featured Blog Post
Where Did the Easter Bunny Come From?
hide this ad
You Might Also Like...
Tags
Football Quiz
German Quiz
bundesliga
champion
club
coach
Football Champions
Today's Top Quizzes in Sports
Browse Sports
hide this ad
Today's Top Quizzes in Football
Browse Football
Top Contributed Quizzes in Sports
1
Les meilleurs buteurs des matchs entre le PSG et l’OM
2
2022 World Cup Stars
3
FIFA Club World Cup Champions
4
Les entraîneurs de l'OM et du PSG au 21e siècle
5
Name the Premier League winners with different clubs
6
La finale Lions - Afrique du Sud 2021
7
5-to-1: UK Sports Teams
8
England Test cricketers to play under Nasser Hussain
9
Players with Multiple 50 Home Run Seasons
10
AFC Teams Reveal (Wrong Answers Minefield)
Explore More
Trending Topics
Marvel
Crossword
Anime
Disney
Harry Potter
Kpop
NBA
NFL
Soccer
Pokémon
Song
WWE
Country
The Office
Puzzle
hide this ad
More By:
erkling
Quiz
Plays
Rating
Category
Featured
Created
FIFA World Cup Winners By Shirt Colours
1,944
2.22
Sports
Dec 7, 2009
German Bundesliga Football Champions
1,710
1.30
Sports
Dec 7, 2009
Nuclear Powers
510
3.83
Geography
Dec 7, 2009
James Bond movies
266
3.67
Entertainment
Dec 7, 2009
Best Foreign Film Oscar Winners
107
1.00
Entertainment
Dec 7, 2009
Go to Creator's Profile
Score Distribution
Quiz Creator Spotlight
erkling
Follow
Send a Message
Quizzes Created
-
Created Quiz Play Count
-
More By This Creator
Popular Quizzes Today
1
Find the US States - No Outlines Minefield
2
Find the Countries of Europe - No Outlines Minefield
3
The Countries of the World
4
Find the US States
5
Popular People in 1961
6
US States
7
Risky Map Clicking: Biggest States A-Z
8
Movies - When Are They Set?
More Sports Quizzes
SEC States
Published
Trending Quizzes
Risky Map Clicking: Least Populous States A-Z
1-10 Letter G Words
1-10 Letter F Words
Risky Map Clicking: Next State Alphabetically
Risky Map Clicking: Biggest States A-Z
Recently Updated
Leaping Animals
pecheneg
Reality TV Shows (A-Z)
bhenderson79
Rickey Henderson's Hall of Fame Teammates
pecheneg
Champions League XIs: Arsenal
pecheneg
Quick Pick: Celebrities in WWE's Hall of Fame
aduchscher
A-Z Keypad Blitz II
pecheneg
Multiple Oscar Actors
pecheneg
Mystery Phrase Blitz: Oscar 'Best Actors'
pecheneg
F. Scott Fitzgerald Novels
LTH
Pick 3 Villains
ddd62291
Trending Topics
Harry Potter
NBA
Disney
Anime
Crossword
Kpop
Marvel
The Office
Song
Soccer
NFL
Puzzle
Pokémon
Country
WWE
Your Account Isn't Verified!
In order to create a playlist on Sporcle, you need to verify the email address you used during registration. Go to your
Sporcle Settings
to finish the process.
Report this User
Report this user for behavior that violates our
Community Guidelines
.
Details:
Send Report
Go to the Sporcle.com Mobile Site →
Comments